[Event "39th Eastman Open 2016"]
[Site "Ghent BEL"]
[Date "2016.07.17"]
[Round "4.8"]
[White "Dgebuadze, Alexandre"]
[Black "Vinke, Maarten"]
[Result "1/2-1/2"]
[WhiteTitle "GM"]
[WhiteElo "2511"]
[BlackElo "2129"]
[WhiteFideId "203882"]
[BlackFideId "1038648"]
[EventDate "2016.07.16"]

1. e4 e5 2. Bc4 Nf6 3. d3 Nc6 4. Nc3 Na5 5. Nge2 d6 6. h3 Be7 7. a3 Nxc4 8. dxc4
Be6 9. Qd3 Nd7 10. b3 O-O 11. Ng3 Bg5 12. O-O Bxc1 13. Raxc1 Qg5 14. Nd5 Nc5 15.
Qc3 c6 16. Nc7 Rac8 17. Nxe6 Nxe6 18. Nf5 Nf4 19. Qf3 Rcd8 20. g3 Ne6 21. c3 g6
22. h4 Qf6 23. Nh6+ Kg7 24. Qxf6+ Kxf6 25. Ng4+ Ke7 26. f3 f5 27. Nf2 d5 28.
cxd5 cxd5 29. exf5 gxf5 30. Rfe1 Kf6 31. g4 Nf4 32. Kh2 Rf7 33. Rcd1 Rc7 34.
gxf5 h5 35. c4 Rg8 36. Nh3 Nxh3 37. Kxh3 dxc4 38. bxc4 Rxc4 39. Rd6+ Kxf5 40.
Rh6 Rc3 41. Rxh5+ Kf4 42. Rhxe5 Rxf3+ 43. Kh2 Rxa3 44. Re7 Ra2+ 45. Kh1 Rg3 46.
Rxb7 Kg4 47. Rg7+ Kh3 48. Rxg3+ Kxg3 49. Re3+ Kxh4 50. Kg1 Rd2 51. Ra3 Rd7 52.
Kf2 Kg4 53. Ke3 Kf5 54. Rd3 Rc7 55. Kd2 Ke4 56. Rc3 Rxc3 57. Kxc3 Ke5 1/2-1/2

[Event "39th Eastman Open 2016"]
[Site "Ghent BEL"]
[Date "2016.07.17"]
[Round "4.9"]
[White "Vandelacluze, Ian"]
[Black "Venkatesh, M.R."]
[Result "0-1"]
[BlackTitle "GM"]
[WhiteElo "2105"]
[BlackElo "2445"]
[WhiteFideId "222755"]
[BlackFideId "5005779"]
[EventDate "2016.07.16"]

1. d4 Nf6 2. Nf3 g6 3. Bf4 Bg7 4. e3 c5 5. c3 b6 6. Nbd2 Bb7 7. Bd3 O-O 8. h3 d6
9. O-O Nbd7 10. Bh2 Qc7 11. e4 e5 12. d5 Nh5 13. g3 Bh6 14. c4 Rae8 15. Ne1 Ng7
16. Nc2 f5 17. f3 Bc8 18. Kg2 Qd8 19. Nb3 Nf6 20. Qe2 Qd7 21. g4 Bg5 22. Bg3 h5
23. h4 Bf4 24. gxf5 gxf5 25. Rh1 Kh8 26. Rag1 fxe4 27. Bxe4 Nf5 28. Bf2 Nd4 29.
Qd3 Nxe4 30. fxe4 Qf7 31. Ne3 Nf3 32. Rb1 Nh2 33. Nf5 Bxf5 34. exf5 Rg8+ 35. Kh3
e4 36. Bd4+ Kh7 0-1

[Event "39th Eastman Open 2016"]
[Site "Ghent BEL"]
[Date "2016.07.17"]
[Round "4.10"]
[White "Van der Stricht, Geert"]
[Black "Ackaert, Thierry"]
[Result "1-0"]
[WhiteTitle "IM"]
[WhiteElo "2368"]
[BlackElo "2075"]
[WhiteFideId "201324"]
[BlackFideId "202533"]
[EventDate "2016.07.16"]

1. d4 b5 2. e4 a6 3. a4 b4 4. Nf3 Bb7 5. Nbd2 Nf6 6. e5 Nd5 7. Nb3 h6 8. Bc4 Nb6
9. Bd3 e6 10. O-O a5 11. c4 bxc3 12. bxc3 Bd5 13. Nfd2 Nc6 14. Qe2 Ne7 15. c4
Bc6 16. f4 g6 17. Ne4 Bg7 18. Nf6+ Bxf6 19. exf6 Nf5 20. d5 Nxd5 21. cxd5 Bxd5
22. Nc5 Rb8 23. Rb1 Rxb1 24. Bxb1 Qa8 25. Ba3 d6 26. Ne4 Kd7 27. Nc3 Rb8 28. Bc1
Qc6 29. Nb5 Bc4 30. Bd3 Qc5+ 31. Kh1 Bd5 32. Qf2 Qb4 33. Qc2 Rb7 34. Bd2 Qb3 35.
Qxb3 Bxb3 36. Ra1 c6 37. Nc3 Nd4 38. Rb1 c5 39. Ne2 Nxe2 40. Bxe2 Bd5 41. Bb5+
Bc6 42. Bxa5 d5 43. Bxc6+ Kxc6 44. Rxb7 Kxb7 45. Kg1 Kc6 46. Kf2 d4 47. Ke2 Kd5
48. Bb6 c4 49. a5 d3+ 50. Kd2 Kc6 51. Kc3 Kb5 52. Be3 h5 53. a6 Kxa6 54. Kxc4
Kb7 55. Kxd3 Kc6 56. Ke4 Kd6 57. h3 Kc6 58. Ke5 Kd7 59. Bc5 Kc6 60. Ba3 Kd7 61.
Kd4 Kc6 62. Kc4 Kb6 63. Bf8 Kc6 64. Bc5 Kc7 65. Kb5 Kd7 66. Ba3 Kc7 67. Kc5 Kd7
68. Kb6 Kc8 69. Kc6 Kd8 70. Bc5 Kc8 71. Bb6 Kb8 72. Kd6 Kc8 1-0

[Event "39th Eastman Open 2016"]
[Site "Ghent BEL"]
[Date "2016.07.17"]
[Round "4.11"]
[White "Froeyman, Helmut"]
[Black "Verhaeren, Gertjan"]
[Result "1-0"]
[WhiteTitle "FM"]
[WhiteElo "2277"]
[BlackElo "2067"]
[WhiteFideId "203602"]
[BlackFideId "263982"]
[EventDate "2016.07.16"]

1. e4 c5 2. Nf3 e6 3. d4 cxd4 4. Nxd4 a6 5. c4 Qc7 6. Nc3 Nf6 7. a3 Be7 8. Be2
O-O 9. Be3 Nc6 10. O-O d6 11. Rc1 Bd7 12. f3 Ne5 13. f4 Nxc4 14. Bxc4 Qxc4 15.
Nd5 Nxd5 16. Rxc4 Nxe3 17. Qd3 Nxc4 18. Qxc4 Rac8 19. Qb4 b5 20. Qd2 Rc4 21. Rc1
Rxc1+ 22. Qxc1 Rc8 23. Qd2 Rc4 24. h3 d5 25. b3 Rc8 26. exd5 exd5 27. b4 Bf6 28.
Nb3 Bc6 29. Qe3 d4 30. Nxd4 Re8 31. Qf2 Be4 32. Nf3 g6 33. Qb6 Re6 34. Qb8+ Kg7
35. Ne5 g5 36. Nd7 Bd4+ 37. Kh2 gxf4 38. Qf8+ Kg6 39. Qg8+ Kh6 40. Qxf7 1-0

[Event "39th Eastman Open 2016"]
[Site "Ghent BEL"]
[Date "2016.07.17"]
[Round "4.12"]
[White "Sadkowski, Daniel"]
[Black "Talon, Alain"]
[Result "1-0"]
[WhiteTitle "FM"]
[WhiteElo "2260"]
[BlackElo "2047"]
[WhiteFideId "200255"]
[BlackFideId "202088"]
[EventDate "2016.07.16"]

1. d4 g6 2. c4 Bg7 3. Nf3 c5 4. d5 d6 5. e4 Nf6 6. Nc3 O-O 7. Be2 e6 8. O-O Re8
9. dxe6 Bxe6 10. Bf4 Qb6 11. Rb1 Nc6 12. Nd5 Bxd5 13. exd5 Nh5 14. Bd2 Ne5 15.
Nxe5 Rxe5 16. Bc3 Nf4 17. Bxe5 Bxe5 18. g3 Nxe2+ 19. Qxe2 Qa5 20. a3 Rb8 21. f4
Bd4+ 22. Kh1 b5 23. cxb5 Qxb5 24. Qxb5 Rxb5 25. b3 a5 26. Rfc1 Kg7 27. Kg2 Kf6
28. Kf3 Rb7 29. g4 g5 30. fxg5+ Ke5 31. Ke2 Ke4 32. Rf1 Re7 33. Rf5 Rb7 34. Rbf1
Be5 35. R1f3 a4 36. bxa4 Rb2+ 37. Kd1 Rb1+ 38. Kc2 Rb2+ 39. Kc1 Rxh2 40. a5 Bb2+
41. Kb1 Be5 42. a6 Rb2+ 43. Kc1 Rb6 44. a7 Ra6 45. Rxf7 c4 46. Rh3 Kxd5 47.
Rhxh7 Bd4 48. g6 Rxa3 49. g7 Ra1+ 50. Kd2 Ra2+ 51. Ke1 Ke4 52. Re7+ Be5 53. g8=Q 1-0

[Event "39th Eastman Open 2016"]
[Site "Ghent BEL"]
[Date "2016.07.17"]
[Round "4.13"]
[White "Pauwels, Xander"]
[Black "Stone, Andrew M"]
[Result "1/2-1/2"]
[WhiteElo "1996"]
[BlackElo "2208"]
[WhiteFideId "235709"]
[BlackFideId "404985"]
[EventDate "2016.07.16"]

1. e4 e6 2. d4 d5 3. Nd2 Be7 4. Ngf3 Nf6 5. Bd3 c5 6. exd5 exd5 7. dxc5 Bxc5 8.
O-O O-O 9. Nb3 Bb6 10. h3 Nc6 11. Bg5 h6 12. Bxf6 Qxf6 13. c3 Re8 14. Bc2 Be6
15. a4 a6 16. Qd3 g6 1/2-1/2

[Event "39th Eastman Open 2016"]
[Site "Ghent BEL"]
[Date "2016.07.17"]
[Round "4.14"]
[White "De Hoogt, Ivar"]
[Black "Lacrosse, Marc"]
[Result "1/2-1/2"]
[BlackTitle "FM"]
[WhiteElo "2025"]
[BlackElo "2225"]
[WhiteFideId "1043757"]
[BlackFideId "200921"]
[EventDate "2016.07.16"]

1. g3 d5 2. Bg2 Nf6 3. d3 c6 4. Nc3 e5 5. e4 dxe4 6. dxe4 Qxd1+ 7. Nxd1 Bc5 8.
Be3 Nbd7 9. f3 O-O 10. Nh3 h6 11. Nhf2 Re8 12. Nd3 Bf8 13. O-O 1/2-1/2

[Event "39th Eastman Open 2016"]
[Site "Ghent BEL"]
[Date "2016.07.18"]
[Round "5.1"]
[White "Epishin, Vladimir"]
[Black "Inkiov, Ventzislav"]
[Result "1-0"]
[WhiteTitle "GM"]
[BlackTitle "GM"]
[WhiteElo "2557"]
[BlackElo "2467"]
[WhiteFideId "4162714"]
[BlackFideId "2900033"]
[EventDate "2016.07.16"]

1. Nf3 d5 2. e3 c5 3. Bb5+ Nc6 4. c4 e6 5. Nc3 Nf6 6. O-O Be7 7. Bxc6+ bxc6 8.
d3 Qc7 9. b3 e5 10. cxd5 cxd5 11. e4 d4 12. Na4 Nd7 13. Nd2 Nb6 14. Nb2 O-O 15.
Ndc4 f5 16. exf5 Bxf5 17. Re1 Bf6 18. Bd2 Rae8 19. Rc1 Bh4 20. Rf1 Qd7 21. f3
Nd5 22. Na4 Qc6 23. Ncb2 Qg6 24. Nxc5 Bh3 25. Qe2 Bg5 26. Kh1 Nc3 27. Rxc3 dxc3
28. Bxc3 Bf5 29. Ne4 Bxe4 30. dxe4 Qh5 31. g3 Bd8 32. Nc4 Bb6 33. Kg2 Re6 34.
Rd1 Bc7 35. Ne3 Qf7 36. Nd5 Bd6 37. b4 h5 38. h4 Qd7 39. b5 Qc8 40. a4 Qb7 41.
a5 Rb8 42. Rb1 Qc8 43. Be1 Bf8 44. Bf2 Rb7 45. Rb2 Kh7 46. Rc2 Qb8 47. b6 axb6
48. axb6 Bd6 49. Ra2 Re8 50. Ra7 Rxa7 51. bxa7 Qb7 52. f4 1-0

[Event "39th Eastman Open 2016"]
[Site "Ghent BEL"]
[Date "2016.07.18"]
[Round "5.2"]
[White "Alienkin, Aleksander"]
[Black "Lintchevski, Daniil"]
[Result "1/2-1/2"]
[WhiteTitle "IM"]
[BlackTitle "GM"]
[WhiteElo "2387"]
[BlackElo "2548"]
[WhiteFideId "4156765"]
[BlackFideId "4171055"]
[EventDate "2016.07.16"]

1. d4 d5 2. c4 c6 3. cxd5 cxd5 4. Nc3 Nf6 5. Nf3 Nc6 6. Bf4 a6 7. a3 Bf5 8. e3
e6 9. Be2 Be7 10. O-O O-O 11. h3 Nd7 12. Rc1 Rc8 13. Na4 Na5 14. Nc5 Nxc5 15.
dxc5 Nc4 16. Bxc4 dxc4 17. Rxc4 Rxc5 18. Rd4 Rd5 19. Rxd5 Qxd5 20. Qxd5 exd5 21.
Rc1 Rc8 22. Rxc8+ 1/2-1/2

[Event "39th Eastman Open 2016"]
[Site "Ghent BEL"]
[Date "2016.07.18"]
[Round "5.3"]
[White "Michiels, Bart"]
[Black "Draftian, Ashote"]
[Result "1-0"]
[WhiteTitle "GM"]
[BlackTitle "FM"]
[WhiteElo "2524"]
[BlackElo "2283"]
[WhiteFideId "202967"]
[BlackFideId "204552"]
[EventDate "2016.07.16"]

1. d4 f5 2. g3 e6 3. Bg2 Nf6 4. c4 d5 5. Nf3 Bd6 6. O-O O-O 7. Nc3 c6 8. Qc2 Ne4
9. Rb1 Qe7 10. b4 Bd7 11. b5 Be8 12. a4 Nd7 13. c5 Bc7 14. bxc6 bxc6 15. Rb7 Qd8
16. Nxe4 fxe4 17. Ng5 Rf6 18. Be3 h6 19. Nh3 Nf8 20. Bf4 Bxf4 21. Nxf4 g5 22.
Nh3 Rf7 23. Rxf7 Bxf7 24. f3 exf3 25. exf3 Rb8 26. f4 Bg6 27. Qd1 Rb1 28. Qd2 g4
29. Nf2 Rxf1+ 30. Bxf1 Bf5 31. Qb4 Qc7 32. Ba6 Nd7 33. Kf1 Kf7 34. Be2 h5 35. h3
Nf6 36. hxg4 Nxg4 37. Bxg4 hxg4 38. a5 Ke7 39. Nd1 Bd3+ 40. Ke1 Kf6 41. Ne3 Qh7
42. Nxg4+ Kf5 43. Nf2 Be4 44. Qb8 Qh2 45. Qe5+ Kg6 46. Qxe6+ Kg7 47. Qf6+ Kg8
48. Ke2 Qg2 49. Qg5+ Kf8 50. Qg4 Qg1 51. Nxe4 dxe4 52. Qf5+ Kg8 53. Qxe4 Qa1 54.
Qxc6 Qb2+ 55. Kf3 Qc3+ 56. Kg4 Qd2 57. Qe6+ Kf8 58. Qf6+ Ke8 59. Qe6+ Kf8 60. c6
Qd1+ 61. Kg5 Kg7 1-0

[Event "39th Eastman Open 2016"]
[Site "Ghent BEL"]
[Date "2016.07.18"]
[Round "5.4"]
[White "Venkatesh, M.R."]
[Black "Sterck, Arno"]
[Result "1-0"]
[WhiteTitle "GM"]
[WhiteElo "2445"]
[BlackElo "2220"]
[WhiteFideId "5005779"]
[BlackFideId "228249"]
[EventDate "2016.07.16"]

1. Nf3 d5 2. g3 c6 3. Bg2 Bf5 4. c4 e6 5. cxd5 exd5 6. O-O Nf6 7. b3 Be7 8. Bb2
O-O 9. d3 a5 10. Nbd2 Nbd7 11. Nd4 Bg6 12. Bh3 Re8 13. Nf5 Bf8 14. Nf3 Bh5 15.
Qd2 Bxf3 16. exf3 Ne5 17. Bg2 Nfd7 18. Ne3 Nf6 19. f4 Neg4 20. Nc2 Nd7 21. Bf3
Ngf6 22. g4 Nc5 23. g5 Nfd7 24. h4 Qc7 25. Rae1 Ne6 26. Bg4 Bd6 27. f5 Nec5 28.
d4 Ne4 29. Qd3 f6 30. g6 h5 31. Bxh5 Bh2+ 32. Kg2 Qf4 33. Qh3 Qh6 34. Bf3 Nd2
35. Qxh2 Nxf1 36. Kxf1 Qd2 37. Rxe8+ Rxe8 38. Qc7 Qd3+ 39. Kg2 Qxf5 40. h5 Qg5+
41. Kf1 Qf5 42. Kg2 Qg5+ 43. Kh3 Qf5+ 44. Bg4 Qd3+ 45. Kg2 Qe4+ 46. Bf3 Qf5 47.
Ne3 Qg5+ 48. Kf1 Rxe3 49. Qxd7 1-0

[Event "39th Eastman Open 2016"]
[Site "Ghent BEL"]
[Date "2016.07.18"]
[Round "5.5"]
[White "Docx, Stefan"]
[Black "Hennipman, Rene"]
[Result "1-0"]
[WhiteTitle "IM"]
[BlackTitle "CM"]
[WhiteElo "2420"]
[BlackElo "2191"]
[WhiteFideId "200778"]
[BlackFideId "1011391"]
[EventDate "2016.07.16"]

1. e4 c6 2. d4 d5 3. e5 c5 4. dxc5 e6 5. a3 Bxc5 6. b4 Be7 7. Qg4 Kf8 8. Nf3 Nc6
9. Bd3 f6 10. Qg3 Nxe5 11. Nxe5 fxe5 12. Bb2 Bf6 13. Bxe5 Bxe5 14. Qxe5 Qf6 15.
f4 Qxe5+ 16. fxe5 Ke7 17. Nd2 Bd7 18. c4 dxc4 19. Nxc4 Bc6 20. Nd6 Nh6 21. b5
Bd5 22. Rc1 Rad8 23. O-O b6 24. g4 g6 25. Nf7 Nxf7 26. Rc7+ Rd7 27. Rxf7+ 1-0

[Event "39th Eastman Open 2016"]
[Site "Ghent BEL"]
[Date "2016.07.18"]
[Round "5.6"]
[White "Pienski, Olaf"]
[Black "Van der Stricht, Geert"]
[Result "0-1"]
[BlackTitle "IM"]
[WhiteElo "2168"]
[BlackElo "2368"]
[WhiteFideId "4619544"]
[BlackFideId "201324"]
[EventDate "2016.07.16"]

1. e4 c5 2. Nf3 d6 3. d4 cxd4 4. Nxd4 Nf6 5. Nc3 a6 6. Be2 e5 7. Nb3 Be7 8. O-O
O-O 9. a4 Nc6 10. Kh1 Nb4 11. f4 Qc7 12. Be3 Be6 13. Rc1 Bc4 14. Nd2 Bxe2 15.
Qxe2 Rac8 16. Nf3 Rfe8 17. fxe5 dxe5 18. Nh4 Qc4 19. Qf3 g6 20. Bg5 Rc6 21. Rf2
Rd6 22. Rcf1 Qc8 23. g3 Rf8 24. Ng2 Kg7 25. Ne3 Ng8 26. Qxf7+ Rxf7 27. Rxf7+ Kh8
28. Bxe7 Nxe7 29. Rxe7 Rd7 30. Rxe5 Kg7 31. Ned5 Qc4 32. Rd1 Nxc2 33. Re8 Nb4
34. Re7+ Rxe7 35. Nxe7 Qf7 36. Ned5 Qf3+ 37. Kg1 Nc6 38. Rf1 Qd3 39. Nf4 Qe3+
40. Kg2 Nd4 41. Nfd5 Qd2+ 42. Rf2 Qe1 43. h4 h5 44. Nf4 b5 45. axb5 axb5 46. Nd3
Qe3 47. Nb4 Qc1 48. Ne2 Nxe2 49. Rxe2 Qc4 0-1

[Event "39th Eastman Open 2016"]
[Site "Ghent BEL"]
[Date "2016.07.18"]
[Round "5.7"]
[White "Goormachtigh, Johan"]
[Black "Froeyman, Helmut"]
[Result "1/2-1/2"]
[WhiteTitle "FM"]
[BlackTitle "FM"]
[WhiteElo "2171"]
[BlackElo "2277"]
[WhiteFideId "200280"]
[BlackFideId "203602"]
[EventDate "2016.07.16"]

1. d4 f5 2. g3 Nf6 3. Bg2 e6 4. Nf3 d5 5. O-O Bd6 6. c4 c6 7. Nc3 O-O 8. Qc2
Nbd7 9. cxd5 cxd5 10. Nb5 Bb8 11. Bf4 Bxf4 12. gxf4 Ne8 13. Rfc1 Nb6 14. Nc7
Nxc7 15. Qxc7 Nc4 16. Qxd8 Rxd8 17. b3 Nd6 18. Rc2 Bd7 19. e3 Rac8 20. Rac1 Rxc2
21. Rxc2 Re8 1/2-1/2

[Event "39th Eastman Open 2016"]
[Site "Ghent BEL"]
[Date "2016.07.18"]
[Round "5.8"]
[White "Vinke, Maarten"]
[Black "Sadkowski, Daniel"]
[Result "1-0"]
[BlackTitle "FM"]
[WhiteElo "2129"]
[BlackElo "2260"]
[WhiteFideId "1038648"]
[BlackFideId "200255"]
[EventDate "2016.07.16"]

1. e4 c5 2. Nc3 Nc6 3. g3 g6 4. Bg2 Bg7 5. d3 d6 6. f4 e6 7. Nf3 Nge7 8. Be3 O-O
9. O-O b6 10. d4 Ba6 11. Re1 Rc8 12. Ne2 d5 13. e5 Nf5 14. Bf2 Bxe2 15. Rxe2
Nfxd4 16. Bxd4 Nxd4 17. Nxd4 cxd4 18. Qxd4 Rc4 19. Qd3 Qc7 20. Rd1 Rc8 21. Rdd2
b5 22. h4 h5 23. Qf3 b4 24. Bf1 Qb6+ 25. Kh1 Rd4 26. Rg2 Rxd2 27. Rxd2 Qa5 28.
Qb3 Qc5 29. Qf3 a5 30. Bd3 Qd4 31. b3 Kf8 32. Rd1 Rc3 33. Qe2 Qc5 34. Rg1 Qd4
35. Rd1 Qb6 36. Rg1 Qd8 37. Qf2 Kg8 38. g4 Bf8 39. Rg2 Bc5 40. Qg3 hxg4 41. Qxg4
Kf8 42. h5 gxh5 43. Qg7+ Ke7 44. Qf6+ Kd7 45. Qxf7+ Qe7 46. Qxh5 Kc6 47. Qh8
Rxd3 48. cxd3 1-0

[Event "39th Eastman Open 2016"]
[Site "Ghent BEL"]
[Date "2016.07.18"]
[Round "5.9"]
[White "Lindam, Ingo"]
[Black "Dgebuadze, Alexandre"]
[Result "0-1"]
[BlackTitle "GM"]
[WhiteElo "2078"]
[BlackElo "2511"]
[WhiteFideId "24699756"]
[BlackFideId "203882"]
[EventDate "2016.07.16"]

1. d4 e6 2. Nf3 f5 3. g3 Nf6 4. Bg2 Be7 5. O-O O-O 6. c4 d6 7. Nc3 Qe8 8. b4 Qh5
9. Rb1 a5 10. b5 Nbd7 11. Ba3 Nb6 12. Nd2 Qh6 13. e3 Bd7 14. Re1 Rae8 15. Qb3
Bc8 16. c5 dxc5 17. Bxc5 Bxc5 18. dxc5 Nbd7 19. b6 Nxc5 20. Qc4 cxb6 21. Rxb6
Nfd7 22. Rb2 Ne5 23. Qxc5 Nd3 24. Qxa5 Nxe1 25. Nc4 Nxg2 26. Kxg2 Bd7 27. Ne5
Bc6+ 28. Nxc6 bxc6 29. Rb7 Qf6 30. Qc5 e5 31. Rb6 f4 32. Qxc6 Qxc6+ 33. Rxc6
fxe3 34. fxe3 Rc8 35. Rxc8 Rxc8 36. Nd5 Rc2+ 37. Kf3 Rxh2 38. a4 Ra2 39. Nb6 Kf7
40. Ke4 Ke6 41. Kd3 h5 42. Kc4 g5 0-1

[Event "39th Eastman Open 2016"]
[Site "Ghent BEL"]
[Date "2016.07.18"]
[Round "5.10"]
[White "De Haas, Wouter"]
[Black "Djuric, Stefan"]
[Result "0-1"]
[BlackTitle "GM"]
[WhiteElo "2062"]
[BlackElo "2420"]
[WhiteFideId "1037218"]
[BlackFideId "900133"]
[EventDate "2016.07.16"]

1. e4 Nf6 2. e5 Nd5 3. d4 d6 4. exd6 Qxd6 5. c4 Nf6 6. Nf3 g6 7. Nc3 Bg7 8. Nb5
Qd8 9. Bf4 Na6 10. d5 O-O 11. Be2 Nh5 12. Be5 Bxe5 13. Nxe5 Nf4 14. Bf3 e6 15.
g3 Nh3 16. Qd4 f6 17. Ng4 e5 18. Qd2 f5 19. Nh6+ Kg7 20. Bg2 f4 21. Bxh3 Bxh3
22. gxf4 Qh4 23. fxe5 Qe4+ 24. Kd1 Qxh1+ 25. Kc2 Qe4+ 0-1

[Event "39th Eastman Open 2016"]
[Site "Ghent BEL"]
[Date "2016.07.18"]
[Round "5.11"]
[White "Artels, Lieven"]
[Black "Cools, Gorik"]
[Result "0-1"]
[BlackTitle "FM"]
[WhiteElo "2047"]
[BlackElo "2293"]
[WhiteFideId "205834"]
[BlackFideId "200298"]
[EventDate "2016.07.16"]

1. e4 e5 2. Bc4 Nf6 3. d3 c6 4. Nf3 d5 5. Bb3 a5 6. a3 a4 7. Ba2 Bd6 8. Nc3 Be6
9. Bg5 d4 10. Ne2 Bxa2 11. Rxa2 h6 12. Bh4 c5 13. c4 Nc6 14. Ng3 g5 15. Nxg5
hxg5 16. Bxg5 Be7 17. Nf5 Nh5 18. Bh6 Qa5+ 19. Kf1 Nf4 20. g3 Ne6 21. Qg4 O-O-O
22. Ke2 Qc7 23. Bd2 Rdg8 24. Qf3 Bg5 25. Be1 Kb8 26. Kd1 Qb6 27. Kc2 Qb3+ 28.
Kb1 Rh3 29. Ra1 Rgh8 30. Nd6 Rxh2 31. Rxh2 Rxh2 32. Nxf7 Be3 33. Qe2 Kc7 34. g4
Kd7 35. g5 Bxg5 36. Nxg5 Nxg5 37. Qg4+ Ne6 38. Qf3 Nf4 39. Qg4+ Kc7 40. Qg7+ Kb6 0-1

[Event "39th Eastman Open 2016"]
[Site "Ghent BEL"]
[Date "2016.07.18"]
[Round "5.12"]
[White "Klundt, Klaus"]
[Black "Dam, Hans"]
[Result "1-0"]
[WhiteTitle "IM"]
[WhiteElo "2291"]
[BlackElo "2046"]
[WhiteFideId "4600436"]
[BlackFideId "1024795"]
[EventDate "2016.07.16"]

1. e4 c6 2. d4 d5 3. exd5 cxd5 4. c4 Nf6 5. Nc3 Be6 6. Bg5 Nc6 7. a3 Qd7 8. Be2
O-O-O 9. c5 Ne4 10. Be3 g6 11. Nf3 Bg7 12. Rc1 Bg4 13. O-O Bxf3 14. Bxf3 f5 15.
b4 Nxc3 16. Rxc3 f4 17. Bg4 e6 18. Bxf4 Nxd4 19. c6 bxc6 20. Qa4 Kb7 21. Rfc1 h5
22. b5 hxg4 23. bxc6+ Nxc6 24. Rxc6 Ka8 25. Qa6 1-0

[Event "39th Eastman Open 2016"]
[Site "Ghent BEL"]
[Date "2016.07.18"]
[Round "5.13"]
[White "Blom, Yeb"]
[Black "Cordts, Ingo"]
[Result "0-1"]
[BlackTitle "FM"]
[WhiteElo "2046"]
[BlackElo "2289"]
[WhiteFideId "1024590"]
[BlackFideId "4662687"]
[EventDate "2016.07.16"]

1. c4 e6 2. d4 Nf6 3. Nc3 Bb4 4. a3 Bxc3+ 5. bxc3 b6 6. e3 Bb7 7. Nf3 O-O 8. Be2
Ne4 9. Bb2 d6 10. O-O f5 11. Nd2 Nxd2 12. Qxd2 Qg5 13. f3 Nc6 14. Rae1 Na5 15.
Bd3 c5 16. Qe2 Rac8 17. Rc1 e5 18. f4 exf4 19. exf4 Qg6 20. Rfe1 Rfe8 21. Qf1
Nb3 22. Rc2 Rxe1 23. Qxe1 Re8 24. Qd1 Re3 25. d5 Qe8 26. Kf2 g6 27. Re2 Rxe2+
28. Bxe2 Na5 29. Bc1 Ba6 30. Qf1 Qa4 31. g4 fxg4 32. Bxg4 Qc2+ 33. Kg3 Qxc3+ 34.
Kh4 Bxc4 35. Be6+ Kf8 36. Qg1 Nb3 37. Be3 Nd4 38. Bg4 h5 39. Bd1 Nf5+ 0-1

[Event "39th Eastman Open 2016"]
[Site "Ghent BEL"]
[Date "2016.07.18"]
[Round "5.14"]
[White "Stone, Andrew M"]
[Black "Van Laeken, Jonathan"]
[Result "1-0"]
[WhiteElo "2208"]
[BlackElo "1954"]
[WhiteFideId "404985"]
[BlackFideId "228567"]
[EventDate "2016.07.16"]

1. c4 c5 2. g3 g6 3. Bg2 Nc6 4. Nc3 Bg7 5. Nf3 d6 6. O-O e5 7. a3 Nge7 8. Ne1
Be6 9. Nd5 Rb8 10. d3 O-O 11. Nc2 b5 12. Rb1 a5 13. Bd2 b4 14. a4 Qd7 15. b3 Bh3
16. e4 Bxg2 17. Kxg2 f5 18. Bg5 Nc8 19. f3 Nd8 20. Bd2 Ne6 21. Qe2 Na7 22. Be1
Nc6 23. Bf2 Kf7 24. exf5 gxf5 25. f4 Ke8 26. Be3 Kd8 27. fxe5 Bxe5 28. Rf2 f4
29. gxf4 Bd4 30. f5 Bxe3 31. Qxe3 Ned4 32. Nxd4 Nxd4 33. f6 Rf7 34. Re1 Nxb3 35.
Qg3 Kc8 36. Qg8+ Kb7 37. Qxf7 Qxf7 38. Re7+ Qxe7 39. fxe7 Rg8+ 40. Kf1 Kc6 41.
Rf8 Nd2+ 42. Ke1 Nf3+ 43. Kf2 1-0

[Event "39th Eastman Open 2016"]
[Site "Ghent BEL"]
[Date "2016.07.18"]
[Round "6.1"]
[White "Michiels, Bart"]
[Black "Epishin, Vladimir"]
[Result "0-1"]
[WhiteTitle "GM"]
[BlackTitle "GM"]
[WhiteElo "2524"]
[BlackElo "2557"]
[WhiteFideId "202967"]
[BlackFideId "4162714"]
[EventDate "2016.07.16"]

1. d4 d5 2. c4 e6 3. Nc3 Nf6 4. cxd5 exd5 5. Bg5 c6 6. e3 Bd6 7. Bd3 Be6 8. Nge2
Nbd7 9. Qc2 h6 10. Bf4 Be7 11. h3 Rc8 12. O-O O-O 13. Bh2 Nb6 14. Rab1 c5 15.
dxc5 Bxc5 16. Rbd1 Qe7 17. Qb1 a6 18. Nd4 Rfd8 19. Nxe6 fxe6 20. e4 dxe4 21.
Nxe4 Bd4 22. b3 Rd7 23. Rd2 Rcd8 24. Qe1 e5 25. Nxf6+ Qxf6 26. Qe4 Nd5 27. Re1
b5 28. Bb1 Re7 29. Bg3 g5 30. Rc1 b4 31. Rc4 Nc3 32. Qg6+ Qxg6 33. Bxg6 Rd6 34.
Bd3 a5 35. Kf1 Rf6 36. Rc8+ Kg7 37. Ra8 Be3 38. Rc2 Bf4 39. Ke1 Rd6 40. Be2 Red7
41. Rxc3 bxc3 42. Bxf4 exf4 43. Rc8 Rd2 44. Rxc3 Rxa2 45. Bf3 Re7+ 46. Kd1 Rxf2
47. Rc5 Re3 48. Rxa5 Rxb3 49. Ra7+ Kf6 50. Ra6+ Ke5 51. Ke1 Rc2 52. Kd1 Rcb2 53.
Rxh6 Kd4 54. Ke1 Rxf3 55. gxf3 Ke3 56. Re6+ Kxf3 57. Re5 g4 58. hxg4 Kg2 0-1

[Event "39th Eastman Open 2016"]
[Site "Ghent BEL"]
[Date "2016.07.18"]
[Round "6.2"]
[White "Lintchevski, Daniil"]
[Black "Vinke, Maarten"]
[Result "1-0"]
[WhiteTitle "GM"]
[WhiteElo "2548"]
[BlackElo "2129"]
[WhiteFideId "4171055"]
[BlackFideId "1038648"]
[EventDate "2016.07.16"]

1. Nf3 d5 2. g3 c5 3. Bg2 Nc6 4. d4 e6 5. O-O Nf6 6. c4 Be7 7. cxd5 exd5 8. Nc3
O-O 9. Bg5 c4 10. Ne5 Be6 11. Nxc6 bxc6 12. b3 cxb3 13. axb3 Bb4 14. Na4 h6 15.
Bd2 Bd6 16. Nc5 Bxc5 17. dxc5 Qd7 18. Re1 Bh3 19. Bh1 Rab8 20. Bc3 Qe7 21. Bd4
Rb7 22. Ra6 Bd7 23. Qa1 Ra8 24. Ra3 Bf5 25. Bg2 Rab8 26. Qc3 Ne8 27. Be5 Nc7 28.
g4 Nb5 29. Qg3 Bg6 30. Ra6 Rc8 31. b4 f6 32. Bb2 Be4 33. f3 Bg6 34. Qf4 Rd7 35.
Bf1 d4 36. Rd1 Qe5 37. Qxe5 fxe5 38. e3 Bc2 39. Rd2 d3 40. Bxe5 Re7 41. f4 Rd8
42. Rxc6 Na3 43. Rd6 Rxd6 44. cxd6 1-0